<?xml version="1.0" encoding="UTF-8"?>
<record
    xmlns:xsi="http://www.w3.org/2001/XMLSchema-instance"
    xsi:schemaLocation="http://www.loc.gov/MARC21/slim http://www.loc.gov/standards/marcxml/schema/MARC21slim.xsd"
    xmlns="http://www.loc.gov/MARC21/slim">

  <leader>01030nam2a2200265   4500</leader>
  <controlfield tag="001">RU\NLR\bibl\1422124</controlfield>
  <controlfield tag="005">20250615214846.0</controlfield>
  <datafield tag="010" ind1=" " ind2=" ">
    <subfield code="a">978-5-9933-0030-6</subfield>
    <subfield code="9">100</subfield>
  </datafield>
  <datafield tag="021" ind1=" " ind2=" ">
    <subfield code="a">RU</subfield>
    <subfield code="b">2009-63219</subfield>
    <subfield code="9">3897</subfield>
  </datafield>
  <datafield tag="035" ind1=" " ind2=" ">
    <subfield code="a">(NLR Aleph) 001414063</subfield>
  </datafield>
  <datafield tag="090" ind1=" " ind2=" ">
    <subfield code="a">1300822</subfield>
    <subfield code="c">1300822</subfield>
  </datafield>
  <datafield tag="100" ind1=" " ind2=" ">
    <subfield code="a">20091009d2009    |||y0rusy50      ca</subfield>
  </datafield>
  <datafield tag="101" ind1="0" ind2=" ">
    <subfield code="a">rus</subfield>
  </datafield>
  <datafield tag="102" ind1=" " ind2=" ">
    <subfield code="a">RU</subfield>
  </datafield>
  <datafield tag="105" ind1=" " ind2=" ">
    <subfield code="a">y   |||||||||</subfield>
  </datafield>
  <datafield tag="200" ind1="1" ind2=" ">
    <subfield code="a">&#x41F;&#x43E;&#x447;&#x435;&#x43C;&#x443; &#x43C;&#x44B; &#x442;&#x430;&#x43A;&#x438;&#x435;?</subfield>
  </datafield>
  <datafield tag="210" ind1=" " ind2=" ">
    <subfield code="d">2009</subfield>
    <subfield code="a">&#x411;. &#x43C;.</subfield>
  </datafield>
  <datafield tag="215" ind1=" " ind2=" ">
    <subfield code="a">159 &#x441;.</subfield>
  </datafield>
  <datafield tag="320" ind1=" " ind2=" ">
    <subfield code="a">&#x418;&#x43C;&#x435;&#x43D;. &#x443;&#x43A;&#x430;&#x437;.: &#x441;. 157-159</subfield>
  </datafield>
  <datafield tag="461" ind1=" " ind2="0">
    <subfield code="1">001RU\NLR\bibl\1338909</subfield>
    <subfield code="1">2001#$a&#x41E;&#x442;&#x43A;&#x440;&#x43E;&#x432;&#x435;&#x43D;&#x43D;&#x44B;&#x439; &#x434;&#x438;&#x430;&#x43B;&#x43E;&#x433; &#x43E; &#x447;&#x435;&#x43B;&#x43E;&#x432;&#x435;&#x43A;&#x435;$v5</subfield>
    <subfield code="9">758547</subfield>
    <subfield code="a">&#x41C;&#x430;&#x43B;&#x43E;&#x43C;&#x443;&#x436;, &#x411;. &#x421;.</subfield>
    <subfield code="c">&#x41C;&#x43E;&#x441;&#x43A;&#x432;&#x430;</subfield>
    <subfield code="d">2008</subfield>
    <subfield code="f">[&#x411;&#x43E;&#x440;&#x438;&#x441; &#x41C;&#x430;&#x43B;&#x43E;&#x43C;&#x443;&#x436;]</subfield>
    <subfield code="n">&#x413;&#x440;&#x430;&#x43D;&#x438;&#x446;&#x430;</subfield>
    <subfield code="o">&#x43D;&#x430;&#x443;&#x447;&#x43D;&#x43E;-&#x445;&#x443;&#x434;&#x43E;&#x436;&#x435;&#x441;&#x442;&#x432;&#x435;&#x43D;&#x43D;&#x44B;&#x435; &#x434;&#x438;&#x430;&#x43B;&#x43E;&#x433;&#x438; &#x43C;&#x44B;&#x441;&#x43B;&#x438;&#x442;&#x435;&#x43B;&#x435;&#x439; &#x432;&#x441;&#x435;&#x445; &#x432;&#x440;&#x435;&#x43C;&#x435;&#x43D; &#x438; &#x43D;&#x430;&#x440;&#x43E;&#x434;&#x43E;&#x432;</subfield>
    <subfield code="t">&#x41E;&#x442;&#x43A;&#x440;&#x43E;&#x432;&#x435;&#x43D;&#x43D;&#x44B;&#x439; &#x434;&#x438;&#x430;&#x43B;&#x43E;&#x433; &#x43E; &#x447;&#x435;&#x43B;&#x43E;&#x432;&#x435;&#x43A;&#x435;</subfield>
    <subfield code="v">5</subfield>
  </datafield>
  <datafield tag="801" ind1=" " ind2="0">
    <subfield code="a">RU</subfield>
    <subfield code="b">NLR</subfield>
    <subfield code="c">20091009</subfield>
    <subfield code="g">RCR</subfield>
  </datafield>
  <datafield tag="801" ind1=" " ind2="1">
    <subfield code="a">RU</subfield>
    <subfield code="b">NLR</subfield>
    <subfield code="c">20091009</subfield>
  </datafield>
  <datafield tag="942" ind1=" " ind2=" ">
    <subfield code="c">BOOK</subfield>
  </datafield>
  <datafield tag="980" ind1=" " ind2=" ">
    <subfield code="a">NB</subfield>
  </datafield>
  <datafield tag="995" ind1=" " ind2=" ">
    <subfield code="5">2009-10-09</subfield>
    <subfield code="a">ad</subfield>
    <subfield code="b">NLR01</subfield>
    <subfield code="c">NLR01</subfield>
    <subfield code="e">RF9</subfield>
    <subfield code="f">1-305208</subfield>
    <subfield code="k">2008-3/32029</subfield>
    <subfield code="o">0</subfield>
    <subfield code="r">BOOK</subfield>
    <subfield code="s">2008332029_</subfield>
  </datafield>
  <datafield tag="995" ind1=" " ind2=" ">
    <subfield code="5">2009-10-09</subfield>
    <subfield code="a">ad</subfield>
    <subfield code="b">NLR01</subfield>
    <subfield code="c">NLR01</subfield>
    <subfield code="e">RF9</subfield>
    <subfield code="f">3010898</subfield>
    <subfield code="k">2008-3/32029</subfield>
    <subfield code="o">0</subfield>
    <subfield code="r">BOOK</subfield>
    <subfield code="s">2008332029_</subfield>
  </datafield>
</record>
